00265nam a2200097Ia 4500008004100000100002400041245003300065260004300098300000800141650001800149191201s2013 xx 000 0 und d aSHARMA, Puran Chand 0aPandit Manga Ram Granthawali aN. DelhibHaryana Granth Academyc2013 a600 aGeneral Books